000
00336nam a2200133Ia 4500
005
20250424120232.0
008
250424s9999 xx 000 0 und d
245
0
_a
Diamond education magazine
260
_a
Abuja
260
_b
Diamond Education Magazine Nigeria Ltd.
260
_c
2012
300
_a
58 p. : ill. ; 30 cm.
942
_c
SR
999
_c
38158
_d
38158